00575nam a2200181Ia 4500008004100000040001900041041001200060082003200072100001900104245011700123260002800240300003100268440003000299504001900329650001900348700001600367850001000383131103s9999 xx 000 0 und d aLoreto College aEnglish a824.8/CAR/824.82/CARbLCLIB aCarlyle,Thomas aOn heroes, Hero - Worship and the heroic in historycThomas Carlyle;with an introduction and notes by H.B.Buller aLondonbMacmillanc1926 axvi,196 p.b ill.c 17 cm. aEnglish Literature Series aIncludes notes aEnglish Essays aBuller,H.M. aLCLIB